Country by Flag Map #1 - Statistics

General Stats
  • This quiz has been taken 59 times
  • The average score is 12 of 16
Answer Stats
Picture Answer % Correct
Poland
92%
Argentina
84%
Germany
84%
Serbia
82%
United States
82%
Belgium
76%
Bosnia & Herzegovina
76%
Canada
76%
Netherlands
76%
Hungary
74%
Austria
71%
Croatia
71%
Norway
71%
Romania
71%
Slovakia
71%
Nauru
53%
No matching quizzes found
Score Distribution
Percent of People with Each Score
Percentile by Number Answered
Your Score History
You have not taken this quiz